000 00818nam a2200229 a 4500
001 BRCA_1348
005 20190320203403.0
008 940607s1988 mx-a---##b---#000-0#spa-#
020 _a9686318003
040 _aDLC
_cDLC
050 4 _aTP919
_b.C38 1988
100 1 _aCastelló Yturbide, Teresa
_92444
245 1 0 _aColorantes naturales de México
_cinvestigación y textos, Teresa Castelló Yturbide ; fotografía, Michel Zabé.
260 _aMéxico
_bIndustrias Resistol
_c1988
300 _a171 p.
_bil. a color
_c28 cm.
500 _aIncluye una relación de los nombres vernáculos y técnicos de las plantas y animales mencionados
504 _aBibliografía : p. 164-165
650 1 4 _aTintes y teñido
_94415
650 1 4 _aPlantas tintoreas
_zMéxico
_94416
700 1 _aZabé, Michel
_938
942 _2lcc
_cB
999 _c1211
_d1211